[Event "Reykjavik Open 2025"]
[Site "Reykjavik"]
[Date "2025.04.15"]
[Round "9.159"]
[White "Frey, Charles F"]
[Black "Aeschbacher, Gregoire"]
[Result "0-1"]
[WhiteElo "1871"]
[WhiteFideId "2027755"]
[BlackElo "1717"]
[BlackFideId "651084821"]
[Variant "Standard"]
[StudyName "ROpen 2025 - Rd9 - Boards 109-172"]
1. e4 e5 2. f4 Bc5 3. Nf3 d6 4. c3 Bg4 5. b4 Bb6 6. fxe5 dxe5 7. Bc4 Nf6 8. Bxf7+ Kf8 9. Bc4 Nxe4 10. Rf1 Bf2+ 11. Rxf2 Nxf2 12. Kxf2 e4 13. h3 Bxf3 14. gxf3 e3+ 15. Kxe3 Qg5+ 16. f4 Qg3+ 17. Qf3 Qg1+ 18. Ke2 Nc6 19. Bb2 Re8+ 20. Kd3 Qg6+ 21. f5 Ne5+ 22. Kc2 Qf6 23. Qd5 Nxc4 24. Qxc4 Qxf5+ 25. Kb3 Qe6 26. Na3 Qxc4+ 27. Nxc4 Re2 28. Kc2 Rh2 29. Rf1+ Ke7 30. Rf3 Rd8 31. a4 a6 32. b5 axb5 33. axb5 Rd5 34. b6 cxb6 35. Nxb6 Rdxd2+ 0-1

[Event "Reykjavik Open 2025"]
[Site "Reykjavik"]
[Date "2025.04.15"]
[Round "9.160"]
[White "Magnusson, Gisli"]
[Black "Smarason, Kristjan Ingi"]
[Result "1-0"]
[WhiteElo "1857"]
[WhiteFideId "1437330"]
[BlackElo "1714"]
[BlackFideId "2318148"]
[Variant "Standard"]
[StudyName "ROpen 2025 - Rd9 - Boards 109-172"]
1. e4 c5 2. Nc3 d6 3. d4 cxd4 4. Qxd4 Nc6 5. Qe3 Nf6 6. Bd2 g6 7. O-O-O Bg7 8. f4 O-O 9. Nf3 a6 10. Nd5 Nxd5 11. exd5 Na7 12. Bc3 Bd7 13. Bxg7 Kxg7 14. Kb1 Qe8 15. Bd3 f5 16. Rhe1 Nc8 17. Re2 b5 18. Rde1 a5 19. Qd4+ Kg8 20. h4 Qf7 21. Ng5 Qg7 22. Qxg7+ Kxg7 23. Rxe7+ Nxe7 24. Rxe7+ Kg8 25. Rxd7 Rfe8 26. Ne6 b4 27. b3 a4 28. Bb5 1-0

[Event "Reykjavik Open 2025"]
[Site "Reykjavik"]
[Date "2025.04.15"]
[Round "9.161"]
[White "Le Pen, Michel"]
[Black "Carr, Jay"]
[Result "1/2-1/2"]
[WhiteElo "1668"]
[WhiteFideId "656330"]
[BlackElo "1843"]
[BlackFideId "30922690"]
[Variant "Standard"]
[StudyName "ROpen 2025 - Rd9 - Boards 109-172"]
1. g3 Nf6 2. Bg2 e6 3. Nf3 b6 4. O-O Bb7 5. d4 Be7 6. Nc3 O-O 7. Re1 Ne4 8. Qd3 Nxc3 9. bxc3 d6 10. Ng5 Bxg5 11. Bxb7 Nd7 12. Bxa8 Bxc1 13. Bg2 Bg5 14. f4 Bf6 15. Red1 a5 16. e4 e5 17. fxe5 dxe5 18. dxe5 Nxe5 19. Qxd8 Rxd8 20. Rxd8+ Bxd8 21. Rd1 Be7 22. h3 Kf8 23. Rd5 Bd6 24. g4 h6 25. Kf1 Ke7 26. Ke2 Ke6 27. Rd1 Ng6 28. Bf1 f6 29. Kf3 1/2-1/2

[Event "Reykjavik Open 2025"]
[Site "Reykjavik"]
[Date "2025.04.15"]
[Round "9.162"]
[White "Geirsson, Kristjan"]
[Black "Halldorsson, Nirvaan"]
[Result "1-0"]
[WhiteElo "1830"]
[WhiteFideId "2313596"]
[BlackElo "1701"]
[BlackFideId "2330016"]
[Variant "Standard"]
[StudyName "ROpen 2025 - Rd9 - Boards 109-172"]
1. e4 c5 2. Nf3 Nc6 3. d4 cxd4 4. Nxd4 e5 5. Nb5 a6 6. N5c3 Nf6 7. Bc4 Bb4 8. O-O O-O 9. a3 Ba5 10. Bg5 b5 11. Ba2 Bb7 12. b4 Bb6 13. Nd5 Bd4 14. c3 Ba7 15. Nxf6+ gxf6 16. Bh6 Ne7 17. Qg4+ Ng6 18. Bxf8 Qxf8 19. Bd5 Bxd5 20. exd5 h5 21. Qxd7 Nf4 22. Nd2 Qg7 23. g3 h4 24. Ne4 hxg3 25. hxg3 Ne2+ 26. Kg2 Nf4+ 27. Kf3 Nh3 28. Qxh3 Rd8 29. Rad1 Qg6 30. Rh1 Kf8 31. d6 Ke8 32. Qh8+ Kd7 33. Nxf6+ Ke6 34. Qxd8 e4+ 35. Kg2 Bxf2 36. Qe7+ Kf5 37. Rd5# 1-0

[Event "Reykjavik Open 2025"]
[Site "Reykjavik"]
[Date "2025.04.15"]
[Round "9.163"]
[White "Gudbrandsson, Thor Jokull"]
[Black "Hellerud, Lauritz Nissen"]
[Result "1/2-1/2"]
[WhiteElo "1622"]
[WhiteFideId "2332140"]
[BlackElo "1821"]
[BlackFideId "1570528"]
[Variant "Standard"]
[StudyName "ROpen 2025 - Rd9 - Boards 109-172"]
1. f4 d5 2. Nf3 Nf6 3. e3 g6 4. b3 Bg7 5. Bb2 O-O 6. Be2 c5 7. O-O Nc6 8. Ne5 Qc7 9. Nxc6 Qxc6 10. Bf3 b6 11. d3 Bb7 12. Qe2 Rfd8 13. Nd2 Qd7 14. Rfd1 d4 15. Bxb7 Qxb7 16. e4 Qc7 17. Rf1 Bh6 18. g3 b5 19. a4 a6 20. Kg2 Qd7 21. f5 Bxd2 22. Qxd2 c4 23. Qe2 cxb3 24. cxb3 Rac8 25. fxg6 fxg6 26. a5 Ng4 27. Bxd4 Qxd4 28. Qxg4 Rc2+ 29. Kh1 Qb2 30. Qh3 Qxb3 31. Rab1 Qa2 32. Ra1 Qb2 33. Rab1 Qe5 34. Rbc1 Rxc1 35. Rxc1 Rxd3 36. Qc8+ Kg7 37. Rf1 Qxe4+ 38. Kg1 Rf3 39. Rxf3 Qxf3 40. Qxa6 Qe3+ 41. Kf1 b4 42. Qe2 Qc1+ 43. Qe1 Qc5 44. Qa1+ Kh6 45. a6 b3 46. a7 Qb5+ 47. Kg1 b2 48. Qxb2 Qxb2 49. a8=Q Qc1+ 50. Kg2 Qd2+ 51. Kg1 Qe3+ 52. Kg2 Qd2+ 53. Kg1 Qd4+ 54. Kg2 Qf6 55. Qa3 e5 56. Qe3+ Qg5 57. Qe1 Qf5 58. Qe3+ Kg7 59. h3 Qc2+ 60. Kf3 Qd1+ 61. Ke4 Qh1+ 62. Kxe5 Qxh3 63. Qg5 Qd7 64. Qf6+ Kg8 65. Kf4 Qd2+ 66. Kg4 Qe2+ 67. Kh3 Qh5+ 68. Kg2 Qd5+ 69. Kh2 Qd2+ 70. Kg1 Qe3+ 71. Kg2 Qe8 72. g4 h6 73. Kg3 Kh7 74. Qb6 Qe5+ 75. Kf3 Qc3+ 76. Kg2 Qd2+ 77. Kg3 Qd7 78. Qb1 Qc6 79. Qd3 Qf6 80. Qf3 Qe5+ 81. Kg2 Qc7 82. Qd3 Qc8 83. Kg3 Qe6 84. Qf3 Kg7 85. Qc3+ Kf7 86. Qf3+ Ke7 87. Qb7+ Qd7 88. Qe4+ Kf6 89. Qf4+ Kg7 90. Qe5+ Kh7 91. Qe4 Qc7+ 92. Kg2 Qd7 93. Kg3 Qa7 94. Kg2 Qc7 95. Kf3 Kg7 96. Qd4+ Kg8 97. Qe4 Qf7+ 98. Kg3 h5 99. gxh5 gxh5 100. Qa8+ Kg7 101. Qa1+ Qf6 102. Qxf6+ Kxf6 1/2-1/2

[Event "Reykjavik Open 2025"]
[Site "Reykjavik"]
[Date "2025.04.15"]
[Round "9.164"]
[White "Agustsson, Egill Steinar"]
[Black "Bourassa, Louis"]
[Result "1-0"]
[WhiteElo "1811"]
[WhiteFideId "2308118"]
[BlackElo "1688"]
[BlackFideId "2624443"]
[Variant "Standard"]
[StudyName "ROpen 2025 - Rd9 - Boards 109-172"]
1. d4 e6 2. Nf3 f5 3. g3 Nf6 4. Bg2 Bb4+ 5. c3 Be7 6. O-O O-O 7. Re1 d6 8. Nbd2 Nbd7 9. e4 fxe4 10. Nxe4 Nxe4 11. Rxe4 Nf6 12. Re2 Qe8 13. Bh3 Qf7 14. Ng5 Qh5 15. Bxe6+ Bxe6 16. Nxe6 Ng4 17. f4 Nxh2 18. Nxf8 Rxf8 19. Bd2 Ng4 20. Rg2 Rf6 21. Qf3 Rh6 22. Re2 c6 23. Rae1 Bf6 24. Qe4 Be5 25. dxe5 d5 1-0

[Event "Reykjavik Open 2025"]
[Site "Reykjavik"]
[Date "2025.04.15"]
[Round "9.165"]
[White "Martin, Alix"]
[Black "Borne, Maxim"]
[Result "1/2-1/2"]
[WhiteElo "1807"]
[WhiteFideId "45184186"]
[BlackElo "1569"]
[BlackFideId "652011933"]
[Variant "Standard"]
[StudyName "ROpen 2025 - Rd9 - Boards 109-172"]
1. e4 c5 2. Nf3 Nc6 3. Bb5 g6 4. O-O Bg7 5. Re1 e5 6. Bxc6 dxc6 7. d3 Qe7 8. Nbd2 Nh6 9. a3 f6 10. b4 cxb4 11. axb4 Nf7 12. Nc4 O-O 13. Nb6 Rb8 14. Nxc8 Rfxc8 15. Rxa7 Qxb4 16. Nd2 Ra8 17. Rxa8 Rxa8 18. Nb3 Nd8 19. Bd2 Qb6 20. Qg4 Qc7 21. Ra1 Rxa1+ 22. Nxa1 Kf7 23. Nb3 Ne6 24. Qd1 Qb6 25. Qa1 Qa6 26. Qxa6 bxa6 27. c3 f5 28. f3 fxe4 29. fxe4 Ke7 30. Kf2 Kd7 31. Be3 Kd6 32. g3 c5 33. Ke2 Kc6 34. Kd2 Kb5 35. Kc2 a5 36. Kb2 a4 37. Nd2 Bf8 38. Nc4 Bg7 39. Ka3 Nc7 40. Nb2 Bf8 41. c4+ Kc6 42. Nxa4 Na6 43. Bd2 Nc7 44. Kb3 Ne6 45. Be3 Be7 46. Nc3 Bg5 47. Bf2 Bd8 48. Kc2 Ng5 49. Kd1 Nh3 50. Ke2 g5 51. g4 Nf4+ 52. Ke3 Ng2+ 53. Kf3 Nf4 54. Ke3 Ng2+ 55. Kd2 Ba5 56. Kc2 Bxc3 57. Kxc3 Kd6 58. Kd2 h6 59. Bg3 Ke6 60. Kc3 Kd6 61. Kd2 Ke6 62. Ke2 Kd6 63. Bf2 Nf4+ 64. Kd2 Nh3 65. Be1 Nf4 66. h4 Ng2 67. hxg5 Nxe1 68. Kxe1 hxg5 69. Kd2 Kc6 70. Kc3 Kb6 71. Kb3 Ka5 72. Ka3 Kb6 73. Ka4 Ka6 74. Kb3 1/2-1/2

[Event "Reykjavik Open 2025"]
[Site "Reykjavik"]
[Date "2025.04.15"]
[Round "9.166"]
[White "Ernisson, Petur Ulfar"]
[Black "Sigurdsson, Smari"]
[Result "1-0"]
[WhiteElo "1602"]
[WhiteFideId "2326116"]
[BlackElo "1807"]
[BlackFideId "2304210"]
[Variant "Standard"]
[StudyName "ROpen 2025 - Rd9 - Boards 109-172"]
1. e4 e5 2. Nf3 Nc6 3. Bc4 Bc5 4. b4 Bxb4 5. c3 Ba5 6. d4 b5 7. Bxb5 Nxd4 8. Nxd4 exd4 9. O-O Rb8 10. Bc4 d3 11. Qh5 d5 12. Bxd5 Qf6 13. Bxf7+ Qxf7 14. Qxa5 a6 15. Ba3 Rb5 16. Qa4 Qd7 17. c4 Rb6 18. Qxd7+ Bxd7 19. Nc3 Be6 20. c5 Rb8 21. Rad1 Ne7 22. Rfe1 Bc4 23. Nd5 c6 24. Nb6 Bxa2 25. Rxd3 Nc8 26. Red1 Be6 27. Rd8+ 1-0

[Event "Reykjavik Open 2025"]
[Site "Reykjavik"]
[Date "2025.04.15"]
[Round "9.167"]
[White "Pacin, Ondrej"]
[Black "Osorio Ferrer, Roberto Eduardo"]
[Result "0-1"]
[WhiteElo "1598"]
[WhiteFideId "2660083"]
[BlackElo "1803"]
[BlackFideId "3964612"]
[Variant "Standard"]
[StudyName "ROpen 2025 - Rd9 - Boards 109-172"]
1. e4 c5 2. Nf3 Nc6 3. c3 e5 4. Bc4 Nf6 5. d3 Be7 6. Be3 d5 7. exd5 Nxd5 8. Bxd5 Qxd5 9. c4 Qd6 10. Nc3 f5 11. Bg5 O-O 12. Bxe7 Qxe7 13. Nd5 Qd6 14. O-O Be6 15. Qb3 Bxd5 16. cxd5 Nb4 17. Rfe1 Rae8 18. Rab1 b6 19. a3 Nxd5 20. Rbd1 Kh8 21. Nd2 Nf4 22. Nc4 0-1

[Event "Reykjavik Open 2025"]
[Site "Reykjavik"]
[Date "2025.04.15"]
[Round "9.168"]
[White "Chaney, Ari"]
[Black "Olszewski, Milosz Ulfur"]
[Result "1-0"]
[WhiteElo "1798"]
[WhiteFideId "30970172"]
[BlackElo "1497"]
[BlackFideId "2330199"]
[Variant "Standard"]
[StudyName "ROpen 2025 - Rd9 - Boards 109-172"]
1. e4 c5 2. Nf3 d6 3. c3 Nc6 4. d4 cxd4 5. cxd4 Bg4 6. Bb5 a6 7. Bxc6+ bxc6 8. h3 Bxf3 9. Qxf3 e5 10. dxe5 dxe5 11. O-O Nf6 12. Nd2 Bc5 13. Nb3 Bb6 14. Rd1 Qc7 15. Bg5 Nd7 16. Rac1 f6 17. Bh4 O-O 18. Qf5 Rad8 19. Qe6+ Kh8 20. Qxc6 Qa7 21. Qc2 g5 22. Bg3 h5 23. Kh1 h4 24. Bh2 Bxf2 25. Na5 Nb8 26. Rf1 Be3 27. Rcd1 Kg7 28. Bg1 Bxg1 29. Rxg1 Qb6 30. Nc4 Qe6 31. Ne3 Rxd1 32. Rxd1 Qxa2 33. Nf5+ Kg6 34. Qc5 Qf7 35. b4 Re8 36. Kh2 Qe6 37. Qc7 Qf7 38. Qxf7+ Kxf7 39. Nd6+ Ke7 40. Nxe8 Kxe8 41. Rd6 Ke7 42. Rb6 Nd7 43. Rxa6 Kd8 44. g3 Ke7 45. gxh4 gxh4 46. Kg2 Kf7 47. Ra7 Ke7 48. Kf3 1-0

[Event "Reykjavik Open 2025"]
[Site "Reykjavik"]
[Date "2025.04.15"]
[Round "9.169"]
[White "Schouten, Ken Ronny"]
[Black "Grenier, Jean-Luc"]
[Result "0-1"]
[WhiteElo "1550"]
[WhiteFideId "1533010"]
[BlackElo "1798"]
[BlackFideId "2634864"]
[Variant "Standard"]
[StudyName "ROpen 2025 - Rd9 - Boards 109-172"]
1. d4 Nf6 2. Nc3 g6 3. e4 d6 4. Nf3 Bg7 5. h3 O-O 6. Bf4 a6 7. Be2 b5 8. a3 Bb7 9. e5 Ne4 10. O-O Nxc3 11. bxc3 Nd7 12. exd6 cxd6 13. Qd2 Nb6 14. Bh6 Rc8 15. Bxg7 Kxg7 16. Rfb1 Qc7 17. Ne1 Qd7 18. Bf1 Rc7 19. a4 Nxa4 20. c4 bxc4 21. Qb4 Bc6 22. Bxc4 { [%csl Gc4] } 22... Rb7 23. Qa5 Bb5 24. Bd5 Rc7 25. Bb3 Nc3 26. Rb2 Ne2+ 27. Kh1 Nxd4 28. Ba4 Rfc8 29. Bxb5 axb5 30. Qd2 e5 31. Rd1 Rc3 32. h4 Qg4 33. g3 Ne2 34. Kg2 Nd4 35. Rb4 Qe4+ 36. f3 Qc6 37. Rxd4 exd4 38. Qxd4+ Kg8 39. Qf6 Rxc2+ 40. Kh3 Rc1 41. Rxd6 Qc4 { [%csl Gd3] } 42. Nd3 Rd1 { [%csl Ge6] } 43. Rd4 Qe6+ 44. Qxe6 fxe6 0-1

[Event "Reykjavik Open 2025"]
[Site "Reykjavik"]
[Date "2025.04.15"]
[Round "9.171"]
[White "Tomasdottir, Katrin Osk"]
[Black "Hald, Morten Hansen"]
[Result "0-1"]
[WhiteElo "1485"]
[WhiteFideId "2331560"]
[BlackElo "1797"]
[BlackFideId "1437615"]
[Variant "Standard"]
[StudyName "ROpen 2025 - Rd9 - Boards 109-172"]
1. d4 d5 2. c4 e5 3. cxd5 Qxd5 4. Nc3 Qxd4 5. Qxd4 exd4 6. Nb5 Bb4+ 7. Bd2 Bxd2+ 8. Kxd2 Na6 9. Rc1 c6 10. Nxd4 Ne7 11. e3 Nb4 12. a3 Nbd5 13. Bc4 O-O 14. Ngf3 Bg4 15. e4 Nb6 16. Ba2 Rad8 17. Ke3 Nd7 18. Ng5 c5 19. Nb5 Ne5 20. Rxc5 Rd3+ 21. Kf4 N7g6# 0-1

[Event "Reykjavik Open 2025"]
[Site "Reykjavik"]
[Date "2025.04.15"]
[Round "9.176"]
[White "Hallsson, Jon Eggert"]
[Black "Storsanden, Aksel Larsen"]
[Result "1-0"]
[WhiteElo "1869"]
[WhiteFideId "2311569"]
[BlackElo "1676"]
[BlackFideId "1542885"]
[Variant "Standard"]
[StudyName "ROpen 2025 - Rd9 - Boards 173-END"]
1. e4 c6 2. Nf3 d5 3. Nc3 dxe4 4. Nxe4 Nd7 5. Qe2 Ndf6 6. d4 Nxe4 7. Qxe4 Nf6 8. Qd3 Bg4 9. Be2 e6 10. Bf4 Bd6 11. Ne5 Bxe2 12. Qxe2 Qc7 13. O-O O-O 14. c4 Nd7 15. Rfe1 c5 16. dxc5 Nxc5 17. b4 Nd7 18. Nxd7 Bxf4 19. Nxf8 Rxf8 20. g3 Bh6 21. c5 g6 22. Rad1 Bg5 23. Qb5 a6 24. Rd7 1-0

[Event "Reykjavik Open 2025"]
[Site "Reykjavik"]
[Date "2025.04.15"]
[Round "9.177"]
[White "Jonsson, Tristan Fannar"]
[Black "Jonsson, Olafur Gisli"]
[Result "0-1"]
[WhiteElo "1620"]
[WhiteFideId "2321947"]
[BlackElo "1856"]
[BlackFideId "2302705"]
[Variant "Standard"]
[StudyName "ROpen 2025 - Rd9 - Boards 173-END"]
1. e4 c5 2. c3 Nf6 3. e5 Nd5 4. d4 cxd4 5. cxd4 e6 6. Nf3 d6 7. Bc4 Nb6 8. Bb3 Nc6 9. O-O Be7 10. Nc3 a6 11. Re1 dxe5 12. dxe5 Qxd1 13. Rxd1 Na5 14. Ba4+ Nxa4 15. Nxa4 b5 16. Nc3 Bb7 17. Nd4 O-O 18. Bf4 Rfd8 19. Nde2 Rxd1+ 20. Rxd1 Rd8 21. Rxd8+ Bxd8 22. b3 Bb6 23. Ng3 Bd4 24. Nce4 Bxe4 25. Nxe4 Nc6 26. Kf1 Nxe5 27. Bxe5 Bxe5 28. Nc5 a5 29. Nb7 Bc7 30. a4 bxa4 31. bxa4 Kf8 32. Ke2 Ke7 33. Nc5 Bb6 34. Nd3 Kd6 35. Kd2 Kd5 36. Kc3 e5 37. f3 Bd4+ 38. Kb3 f5 39. Nc1 Bg1 40. h3 Bb6 41. Ne2 Bd4 42. Ng3 g6 43. Ne2 h5 44. Nc1 h4 45. Ne2 g5 46. Nc1 Bb6 47. Kc3 e4 48. Ne2 Be3 49. Kc2 exf3 50. gxf3 Kc4 51. Nc3 Bc5 52. Nb5 g4 53. fxg4 fxg4 54. Nc3 gxh3 55. Nd1 h2 56. Nf2 Bxf2 57. Kb2 h1=Q 58. Ka2 Kc3 59. Ka3 Qa1# 0-1

[Event "Reykjavik Open 2025"]
[Site "Reykjavik"]
[Date "2025.04.15"]
[Round "9.178"]
[White "Bjarnason, Kristinn"]
[Black "Stepniewski, Artur"]
[Result "0-1"]
[WhiteElo "1849"]
[WhiteFideId "2323028"]
[BlackElo "1667"]
[BlackFideId "118104518"]
[Variant "Standard"]
[StudyName "ROpen 2025 - Rd9 - Boards 173-END"]
1. e4 c5 2. Nf3 Nc6 3. d4 cxd4 4. Nxd4 Nf6 5. Nc3 g6 6. Be3 d6 7. Bb5 Bd7 8. f3 Bg7 9. Qd2 Nxd4 10. Bxd4 a6 11. Bxd7+ Qxd7 12. Nd5 Qc6 13. Nxf6+ exf6 14. Qc3 Rc8 15. O-O-O O-O 16. Qxc6 Rxc6 17. Kb1 Rfc8 18. c3 b5 19. Rd3 a5 20. Rhd1 b4 21. Rc1 f5 22. Bxg7 fxe4 23. fxe4 Kxg7 24. Rcd1 bxc3 25. Rxc3 Rxc3 26. bxc3 Rxc3 27. Rxd6 Re3 28. Rd2 Rxe4 29. Kc1 h5 30. Kd1 h4 31. Kc2 f6 32. Kd3 Re1 33. Kc4 g5 34. Kb5 Re5+ 35. Ka4 Kg6 36. Rf2 g4 37. Kb3 Kg5 38. Kc4 f5 39. Kd4 Re4+ 40. Kd3 Re6 41. Kd2 f4 42. Kd3 Re3+ 43. Kd4 g3 44. hxg3 hxg3 45. Rc2 Kf5 46. Rc5+ Kg4 47. Rxa5 Re2 48. Ra8 Rxg2 49. Ke4 Re2+ 50. Kd3 Re3+ 51. Kd2 Kf3 52. a4 g2 0-1

[Event "Reykjavik Open 2025"]
[Site "Reykjavik"]
[Date "2025.04.15"]
[Round "9.179"]
[White "Dale, Svein"]
[Black "Leosson, Tomas Sindri"]
[Result "1-0"]
[WhiteElo "1821"]
[WhiteFideId "1523120"]
[BlackElo "1638"]
[BlackFideId "2325764"]
[Variant "Standard"]
[StudyName "ROpen 2025 - Rd9 - Boards 173-END"]
1. e4 c6 2. c4 d5 3. exd5 cxd5 4. cxd5 Qxd5 5. Nc3 Qd8 6. d4 Nf6 7. Bf4 Nd5 8. Nxd5 Qxd5 9. h3 Nc6 10. Nf3 Bf5 11. a3 Rd8 12. Be2 a6 13. Be3 e6 14. O-O Be7 15. Rc1 O-O 16. Bc4 Qd7 17. Qe2 Bf6 18. Rfd1 Be4 19. Ne5 Qe7 20. Ng4 Bf5 21. Nxf6+ Qxf6 22. Bxa6 Rd6 23. Bxb7 Nxd4 24. Bxd4 Rxd4 25. Rxd4 Qxd4 26. Rc8 Rxc8 27. Bxc8 Qf4 28. Ba6 Qg5 29. Qe3 Qxe3 30. fxe3 Be4 31. b4 1-0

[Event "Reykjavik Open 2025"]
[Site "Reykjavik"]
[Date "2025.04.15"]
[Round "9.181"]
[White "Alkin, Mert"]
[Black "Akason, Aevar"]
[Result "1-0"]
[WhiteElo "1795"]
[WhiteFideId "34665005"]
[BlackElo "1612"]
[BlackFideId "2307090"]
[Variant "Standard"]
[StudyName "ROpen 2025 - Rd9 - Boards 173-END"]
1. e4 c5 2. Nf3 d6 3. d4 cxd4 4. Nxd4 a6 5. Bc4 Nc6 6. Be3 Nf6 7. Nc3 Bg4 8. f3 Bh5 9. g4 Bg6 10. h4 h5 11. g5 Nd7 12. Nxc6 bxc6 13. f4 Qa5 14. f5 Ne5 15. Bb3 Bxf5 16. exf5 Ng4 17. Bd4 c5 18. Qf3 Rc8 19. Ba4+ Kd8 20. Qd5 Qb4 21. Qxf7 Kc7 22. O-O-O Kb8 23. a3 Qb7 24. Rh3 cxd4 25. Nd5 Nf2 26. Rb3 Qxb3 27. Bxb3 d3 28. Rd2 Ng4 29. Nb6 Ne5 30. Qe6 Rc7 31. Nd5 Rc5 32. Nb4 Ra5 33. g6 Ka7 34. Nxd3 1-0

[Event "Reykjavik Open 2025"]
[Site "Reykjavik"]
[Date "2025.04.15"]
[Round "9.182"]
[White "B. Berglindardottir, Emilia Embla"]
[Black "Seum, Ferdinand"]
[Result "0-1"]
[WhiteElo "1606"]
[WhiteFideId "2318946"]
[BlackElo "1772"]
[BlackFideId "34624350"]
[Variant "Standard"]
[StudyName "ROpen 2025 - Rd9 - Boards 173-END"]
1. d4 Nf6 2. c4 e6 3. Nc3 Bb4 4. Bd2 O-O 5. a3 Bxc3 6. Bxc3 Ne4 7. Bb4 d6 8. Nf3 a5 9. Bd2 f5 10. e3 Nd7 11. Bd3 Ndf6 12. Qc2 b6 13. O-O-O Nxf2 14. Rdf1 Nxh1 15. Rxh1 Bb7 16. Ng5 Qe7 17. Rg1 h6 18. Nh3 Qf7 19. Nf4 g5 20. Ne2 Be4 21. Bxe4 Nxe4 22. Be1 c5 23. g4 d5 24. dxc5 Nxc5 25. h4 fxg4 26. Rxg4 Qf5 27. Qxf5 exf5 28. Rg1 g4 29. Bc3 dxc4 30. Nf4 Nd3+ 31. Kc2 Nxf4 32. exf4 Rad8 33. Re1 Rfe8 34. Rxe8+ Rxe8 35. Bd2 Re2 36. Kd1 Rh2 37. Kc2 Rxh4 38. Be1 Rh1 0-1

[Event "Reykjavik Open 2025"]
[Site "Reykjavik"]
[Date "2025.04.15"]
[Round "9.183"]
[White "Hofland, Jeffrey"]
[Black "Steingrimsson, Bjorgvin"]
[Result "1-0"]
[WhiteElo "1761"]
[WhiteFideId "1085328"]
[BlackElo "1564"]
[BlackFideId "2316617"]
[Variant "Standard"]
[StudyName "ROpen 2025 - Rd9 - Boards 173-END"]
1. e4 e5 2. Nf3 Nc6 3. Nc3 Nf6 4. Bb5 a6 5. Bxc6 dxc6 6. Nxe5 Bc5 7. d3 Bxf2+ 8. Kf1 Bd4 9. Nf3 Bg4 10. h3 Bxf3 11. Qxf3 Qe7 12. Ne2 O-O-O 13. c3 Bb6 14. Bg5 h6 15. Bh4 g5 16. Bg3 Rd7 17. e5 Ne8 18. d4 Rf8 19. Ke1 f6 20. Rf1 f5 21. Qd3 f4 22. Bf2 Ng7 23. Kd2 Rf5 24. Rae1 Rxe5 25. Nxf4 gxf4 26. Rxe5 Qf7 27. b3 Kb8 28. Qe4 a5 29. Bg1 a4 30. Rxf4 Qg8 31. Kc2 axb3+ 32. axb3 Rd5 33. Re7 Rg5 34. Ref7 Ka7 35. g4 Rd5 36. c4 Rg5 37. Qe7 Qe8 38. Rxg7 Qxe7 39. Rxe7 1-0

[Event "Reykjavik Open 2025"]
[Site "Reykjavik"]
[Date "2025.04.15"]
[Round "9.184"]
[White "Jacobs, Simon"]
[Black "Patel, Parisa"]
[Result "1-0"]
[WhiteElo "1754"]
[WhiteFideId "343440673"]
[BlackElo "1498"]
[BlackFideId "343410065"]
[Variant "Standard"]
[StudyName "ROpen 2025 - Rd9 - Boards 173-END"]
1. e4 c5 2. Be2 g6 3. d3 Bg7 4. f4 Nc6 5. Nf3 d6 6. O-O Nf6 7. Qe1 O-O 8. Qh4 Bg4 9. Nbd2 Rc8 10. c3 Re8 11. h3 Bxf3 12. Nxf3 Na5 13. f5 c4 14. d4 Qb6 15. Rb1 e5 16. fxe6 fxe6 17. Bh6 Bxh6 18. Qxh6 Nxe4 19. Qh4 d5 20. Ne5 Nd2 21. Rf7 h5 22. Qf6 Rf8 23. Qg7# 1-0

[Event "Reykjavik Open 2025"]
[Site "Reykjavik"]
[Date "2025.04.15"]
[Round "9.185"]
[White "Dickson, Eric"]
[Black "Gudjonsson, Anton Vignir"]
[Result "1/2-1/2"]
[WhiteElo "1475"]
[WhiteFideId "30947820"]
[BlackElo "1750"]
[BlackFideId "2323664"]
[Variant "Standard"]
[StudyName "ROpen 2025 - Rd9 - Boards 173-END"]
1. d4 d5 2. Nf3 Nf6 3. e3 Bg4 4. Be2 e6 5. O-O c5 6. c3 Be7 7. Bb5+ Nbd7 8. Be2 O-O 9. dxc5 Bxc5 10. b4 Be7 11. a3 Qc7 12. Bb2 Bd6 13. Nbd2 Ne5 14. g3 Bh3 15. Re1 h6 16. Nd4 a6 17. Qb3 Neg4 18. Bxg4 Bxg4 19. e4 e5 20. Nc2 Be6 21. exd5 Bxd5 22. c4 Be6 23. Ne3 Rfe8 24. Qd3 Rad8 25. Qc2 Ng4 26. Nxg4 Bxg4 27. Qe4 Bh5 28. Nf3 Bg6 29. Qe2 e4 30. Nh4 Bh7 31. Ng2 b6 32. Qg4 Be5 33. Bxe5 Qxe5 34. Ne3 Rc8 35. Qe2 Bg6 36. Nd5 Rc6 37. Ne3 Bh5 38. Qc2 Bf3 39. Reb1 Rec8 40. Qc1 Be2 41. Ra2 Bxc4 42. Rc2 Bb5 43. Rxc6 Rxc6 44. Qd1 Bd3 45. Rc1 Rd6 46. Qg4 Rf6 47. Qc8+ Kh7 48. Ng4 Qf5 49. Nxf6+ Qxf6 50. h4 Qf3 51. Qc6 b5 52. Qd5 Bc4 53. Qd1 Qxa3 54. Qd2 Qd3 55. Qf4 g6 56. Re1 Bd5 57. Rc1 Bc4 58. Re1 Bd5 59. Rc1 Bc4 1/2-1/2

[Event "Reykjavik Open 2025"]
[Site "Reykjavik"]
[Date "2025.04.15"]
[Round "9.187"]
[White "Arnarson, Erlingur"]
[Black "Gulyas, Adam Ferenc"]
[Result "0-1"]
[WhiteElo "1438"]
[WhiteFideId "2329867"]
[BlackElo "1722"]
[BlackFideId "2330059"]
[Variant "Standard"]
[StudyName "ROpen 2025 - Rd9 - Boards 173-END"]
1. e4 e5 2. d4 exd4 3. c3 dxc3 4. Bc4 cxb2 5. Bxb2 Nc6 6. Nf3 Bb4+ 7. Kf1 Nf6 8. e5 d5 9. exf6 dxc4 10. Qc2 Be6 11. fxg7 Rg8 12. Nbd2 c3 13. Ne4 cxb2 14. Qxb2 Qd3+ 15. Qe2 Qxe2+ 16. Kxe2 Rxg7 17. Rhg1 O-O-O 18. a3 Ba5 19. Nc5 Bc4+ 20. Ke3 { [%csl Gf6] } 20... Bb6 21. Rac1 Bxc5+ 22. Kf4 Bd6+ 23. Ke3 Re8+ 24. Kd2 Bf4+ 25. Kc3 Bxc1 26. Kxc4 Rg4+ 27. Kb3 Bh6 28. h3 Nd4+ 29. Nxd4 Rxd4 30. g4 Bf8 31. a4 Ree4 32. a5 Rd3+ 33. Kc2 Rd6 34. g5 Re5 35. h4 Rxa5 0-1